000 00400nam a22001697a 4500
003 MPLRDC
005 20220104124706.0
008 210129b ||||| |||| 00| 0 eng d
082 _a539.52 JSS
100 _a金受申
245 _a北京的传说
_c
250 _a一版一刷
260 _a
_b北京出版社
_c1981
300 _b
650 _a中国民间传说
942 _cBK
_o539.52 JSS
999 _c21373
_d21363